| 000 | 00367nam a2200145Ia 4500 | ||
|---|---|---|---|
| 008 | 230312s9999||||xx |||||||||||||| ||und|| | ||
| 082 |
_a658.84 _bNAQ-I |
||
| 100 | _aNaqvi,Imran H. | ||
| 245 | 0 | _aInformation Systems & I.T. Audit | |
| 260 |
_bWaheed Publisehrs _aLahore _c2006 |
||
| 300 | _a692 | ||
| 546 | _aEng. | ||
| 650 |
_aComputer _vBusiness Processes |
||
| 942 | _cBK | ||
| 999 |
_c255 _d255 |
||